000 00305nam a2200133 i 4500
001 bg
100 1 _aSKUPIN, L.
245 0 _aPolimernyje rastvory i plastbetony /
_cL. Skupin.
260 _aMoskwa,
_c1967.
040 _cBPK
041 _apol
942 _cKS
008 s pl f |000 0 pol
999 _c12161
_d12161
856 _uhttp://koha.tu.koszalin.pl/cgi-bin/koha/opac-detail.pl?biblionumber=12161
_yKatalog online BPK